| Tag |
First Indicator |
Second Indicator |
Subfields |
| LEADER |
00000cam a2200000 i 4500 |
| 001 |
in00000475366 |
| 005 |
20151012164600.0 |
| 008 |
761101s1976 flua d 00010 eng |
| 010 |
|
|
|a 76009702
|
| 020 |
|
|
|a 0871711311
|
| 035 |
|
|
|a (OCoLC)02596608
|
| 035 |
|
|
|9 ABZ7744AM
|
| 040 |
|
|
|a DLC
|c DLC
|d TXA
|d UtOrBLW
|
| 049 |
|
|
|a TXAM
|c [1553926]
|
| 050 |
0 |
0 |
|a TS227.5
|b .A46 1976
|
| 082 |
0 |
|
|a 671.5/2/03
|
| 110 |
2 |
|
|a AWS Committee on Definitions, Symbols, and Metric Practice.
|
| 245 |
1 |
0 |
|a Welding terms and definitions, including terms for brazing, soldering, thermal spraying, and thermal cutting /
|c prepared by AWS Committee on Definitions, Symbols, and Metric Practice under the direction of AWS Technical Activities Committee.
|
| 264 |
|
1 |
|a Miami, FL :
|b American Welding Society,
|c [1976]
|
| 264 |
|
4 |
|c ©1976
|
| 300 |
|
|
|a vii, 80 pages :
|b illustrations ;
|c 28 cm.
|
| 336 |
|
|
|a text
|b txt
|2 rdacontent
|
| 337 |
|
|
|a unmediated
|b n
|2 rdamedia
|
| 338 |
|
|
|a volume
|b nc
|2 rdacarrier
|
| 500 |
|
|
|a Earlier edition by the American Welding Society's Committee on Definitions and Symbols issued in 1969 under title: Terms and definitions.
|
| 500 |
|
|
|a "Approved by AWS Board of Directors, November 14, 1975."
|
| 500 |
|
|
|a "A3.0-76."
|
| 500 |
|
|
|a "Superseding A3.0-69."
|
| 650 |
|
0 |
|a Welding
|x Dictionaries.
|
| 710 |
2 |
|
|a American Welding Society.
|b Technical Activities Committee.
|
| 710 |
2 |
|
|a AWS Committee on Definitions and Symbols.
|t Terms and definitions.
|
| 740 |
0 |
|
|a Welding terms and definitions ...
|
| 999 |
|
|
|a MARS
|
| 999 |
f |
f |
|s d5299e07-b99e-330c-87a8-14394cfcb970
|i b610f7c8-b522-3fc0-be57-ee0c205da802
|t 0
|
| 952 |
f |
f |
|p ric
|a Texas A&M University
|b Rellis Campus
|c Joint Library Facility
|d Remote Storage
|t 0
|e TS227.5 .A46 1976
|h Library of Congress classification
|i unmediated -- volume
|m A14805643266
|
| 998 |
f |
f |
|a TS227.5 .A46 1976
|t 0
|l Remote Storage
|